Los costes y la política de precios (Registro nro. 5581)

Detalles MARC
000 -LEADER
fixed length control field 01722 a2200217 4500
001 - CONTROL NUMBER
control field 54482
005 - DATE AND TIME OF LATEST TRANSACTION
control field 20260407155817.0
008 - FIXED-LENGTH DATA ELEMENTS--GENERAL INFORMATION
fixed length control field 260407a1952 arg spa d
003 - CONTROL NUMBER IDENTIFIER
control field AR-UNSa-BCEJYS
040 ## - CATALOGING SOURCE
Original cataloging agency AR-UNSa-BCEJYS
Language of cataloging spa
Transcribing agency AR-UNSa-BCEJYS
080 ## - UNIVERSAL DECIMAL CLASSIFICATION NUMBER
Universal Decimal Classification number 657.474.57
Common auxiliary subdivision Métodos de cálculo. Estimación de costos<br/>
100 1# - MAIN ENTRY--PERSONAL NAME
Personal name Pedersen, H. Winding
245 10 - TITLE STATEMENT
Title Los costes y la política de precios
264 #1 - PRODUCTION, PUBLICATION, DISTRIBUTION, MANUFACTURE, AND COPYRIGHT NOTICE
Place of production, publication, distribution, manufacture Madrid :
Name of producer, publisher, distributor, manufacturer Aguilar
Date of production, publication, distribution, manufacture, or copyright notice 1952
300 ## - PHYSICAL DESCRIPTION
Extent 351 p.
Dimensions 22 cm.
505 ## - FORMATTED CONTENTS NOTE
Formatted contents note Primera Parte: DOCTRINA DE LOS COSTES: 1. Introducción y conceptos elementales – 2. Las leyes de capacidad de la agricultura – 3. Las leyes de capacidad de la industria – 4. Los costes de las empresas grandes y pequeñas – 5. Producción conjunta y producción común – 6. Los costes comerciales - - Segunda Parte: POLITICA DE PRECIOS: 7. Forma de mercado y fijación de precios – 8. La competencia perfecta – 9. Los precios estabilizados – 10. La competencia imperfecta – 11. Los precios estabilizados – 12. La diferenciación de los precios - - Tercera Parte: LA POLITICA DE INVERSION Y LA VALORACION: 13. Calculo de las inversiones en nuevos equipos – 14. La valoración – 15. La política de inversión después del establecimiento de la empresa - - Cuarta Parte: LA DISTRIBUCION DE LOS COSTES Y EL CALCULO: 16. Problemas fundamentales de la distribución de los costes – 17. Precios mínimos y precios finales – 18. Las decisiones que afectan a la política de inversión – 19. El beneficio neto – 20. El cálculo de los precios – 21. El control de la explotación.
590 ## - LOCAL NOTE (RLIN)
Local note niveau_biblio:m niveau_hierar:0
700 1# - ADDED ENTRY--PERSONAL NAME
Personal name Koefoed, Arne
700 1# - ADDED ENTRY--PERSONAL NAME
Personal name De Torres, Manuel
942 ## - ADDED ENTRY ELEMENTS (KOHA)
Koha item type
Existencias
Withdrawn status Lost status Damaged status Not for loan Home library Current library Shelving location Date acquired Total checkouts Full call number Barcode Date last seen Price effective from Koha item type
        Biblioteca Prof. Eusebio Cleto del Rey Biblioteca Prof. Eusebio Cleto del Rey   07/04/2026   657.474.57 P371 L20303 07/04/2026 07/04/2026 Libro